[Event "Colombia ch 2009"]
[Site "Buga COL"]
[Date "2009.06.06"]
[Round "6.3"]
[White "Barrientos, Sergio E"]
[Black "Ramirez, Carlos"]
[Result "1-0"]
[WhiteElo "2456"]
[BlackElo "2262"]
[PlyCount "69"]
[EventDate "2009.06.03"]
[EventType "tourn"]
[EventRounds "9"]
[EventCountry "COL"]
[EventCategory "1"]
[Source "lmi"]
[SourceDate "2009.06.03"]

1. e4 e6 2. d4 d5 3. Nc3 Bb4 4. e5 c5 5. a3 Bxc3+ 6. bxc3 Ne7 7. Qg4 O-O 8. Bd3
Nbc6 9. Bg5 Qc7 10. Nf3 Ng6 11. Bd2 f5 12. Qh5 Nce7 13. g4 c4 14. gxf5 exf5 15.
Bf1 f4 16. Bh3 Bf5 17. Ng5 h6 18. Ne6 Bxe6 19. Bxe6+ Kh7 20. Rg1 Qb6 21. Qg4 a5
22. h4 Ra6 23. Bd7 Rg8 24. h5 Nf8 25. Bxf4 Nxd7 26. Qxd7 Qe6 27. Qxe6 Rxe6 28.
Rb1 Rf8 29. Be3 b6 30. Ke2 Rf5 31. Rh1 Kg8 32. a4 Rf8 33. Rb5 Rd8 34. Rhb1 Nc8
35. f4 1-0

[Event "Colombia ch 2009"]
[Site "Buga COL"]
[Date "2009.06.06"]
[Round "6.4"]
[White "Morales, Jhon Alexander"]
[Black "Castaño, Duvan Martin"]
[Result "0-1"]
[WhiteElo "2316"]
[BlackElo "2265"]
[PlyCount "94"]
[EventDate "2009.06.03"]
[EventType "tourn"]
[EventRounds "9"]
[EventCountry "COL"]
[EventCategory "1"]
[Source "lmi"]
[SourceDate "2009.06.03"]

1. e4 c5 2. Nf3 e6 3. c4 a6 4. Nc3 d6 5. d4 cxd4 6. Nxd4 Nf6 7. Be2 Be7 8. O-O
Qc7 9. Be3 O-O 10. Rc1 b6 11. f3 Bb7 12. Qd2 Nbd7 13. Kh1 Rac8 14. Rfd1 Rfe8
15. Bf1 Qb8 16. Qf2 Bd8 17. b4 Bc7 18. Qg1 Ne5 19. Nb3 Bd8 20. c5 dxc5 21. bxc5
b5 22. Rb1 Bc6 23. a3 Qa7 24. a4 b4 25. Nb5 axb5 26. axb5 Ba8 27. Ra1 Qe7 28.
Bd4 Nc6 29. bxc6 Bxc6 30. Qf2 Qc7 31. Qb2 h6 32. Be3 Nd7 33. Ra5 Bf6 34. Qd2
Ra8 35. Rxa8 Rxa8 36. Bf4 Qb7 37. Nd4 Bxd4 38. Qxd4 b3 39. Be3 b2 40. Rb1 Rb8
41. Bf4 e5 42. Bxe5 Nxe5 43. Qxe5 Qb3 44. Qd4 Rb7 45. h3 Qa2 46. Qd1 Ba4 47.
Qd3 Rd7 0-1

[Event "Colombia ch 2009"]
[Site "Buga COL"]
[Date "2009.06.06"]
[Round "6.5"]
[White "Zuluaga, Cesar"]
[Black "Beltran, Carlos Armando"]
[Result "1-0"]
[WhiteElo "2314"]
[BlackElo "2265"]
[PlyCount "113"]
[EventDate "2009.06.03"]
[EventType "tourn"]
[EventRounds "9"]
[EventCountry "COL"]
[EventCategory "1"]
[Source "lmi"]
[SourceDate "2009.06.03"]

1. d4 e6 2. Nf3 c5 3. e3 Nf6 4. Bd3 Be7 5. O-O d6 6. c4 Nbd7 7. Nc3 b6 8. e4
Bb7 9. Re1 cxd4 10. Nxd4 O-O 11. b3 a6 12. Bb2 Qc7 13. Rc1 Rac8 14. Bb1 Rfd8
15. Qe2 Bf8 16. f4 Qc5 17. Na4 Qh5 18. Qxh5 Nxh5 19. g3 g6 20. Rcd1 Bg7 21. Nf3
b5 22. Bxg7 Nxg7 23. Nb2 Ne8 24. Nd4 e5 25. Ne2 Nb6 26. fxe5 bxc4 27. bxc4 Nxc4
28. Nxc4 Rxc4 29. Nf4 g5 30. Nd5 Kg7 31. Ne3 Rc5 32. Nf5+ Kf8 33. exd6 Re5 34.
Rd4 Bc8 35. Red1 Bxf5 36. exf5 Kg7 37. g4 h5 38. h4 gxh4 39. g5 Rxd6 40. f6+
Kg8 41. Rxd6 Nxd6 42. Rxd6 Re1+ 43. Kh2 Rxb1 44. Rxa6 Rb5 45. Ra8+ Kh7 46. Rf8
Rb7 47. Kh3 Ra7 48. Kxh4 Kg6 49. Rg8+ Kf5 50. Kxh5 Rxa2 51. Kh6 Ra7 52. Rb8 Ra5
53. Rb7 Ra8 54. Rxf7 Rg8 55. Rg7 Rh8+ 56. Rh7 Ra8 57. Rb7 1-0

[Event "Colombia ch 2009"]
[Site "Buga COL"]
[Date "2009.06.07"]
[Round "7.2"]
[White "Castaño, Duvan Martin"]
[Black "Zuluaga, Cesar"]
[Result "1-0"]
[WhiteElo "2265"]
[BlackElo "2314"]
[PlyCount "135"]
[EventDate "2009.06.03"]
[EventType "tourn"]
[EventRounds "9"]
[EventCountry "COL"]
[EventCategory "1"]
[Source "lmi"]
[SourceDate "2009.06.03"]

1. e4 c5 2. Nc3 e6 3. f4 a6 4. g3 d6 5. Bg2 Nc6 6. Nf3 g6 7. d4 cxd4 8. Nxd4
Bg7 9. Be3 Nge7 10. Qd2 Na5 11. b3 Bd7 12. Rd1 Rc8 13. Nce2 d5 14. e5 b5 15.
O-O h5 16. h3 Nf5 17. Bf2 Nb7 18. b4 Rc4 19. c3 Qc7 20. Rfe1 Bf8 21. Qb2 Be7
22. Rd3 a5 23. a3 a4 24. Qd2 Nd8 25. Bh1 Qb8 26. Nc2 Bc6 27. Bd4 Ba8 28. g4
hxg4 29. hxg4 Ng7 30. Bg2 Nc6 31. Ne3 Nxd4 32. Nxd4 Rc8 33. Nf1 Bd8 34. Ne3 Bb6
35. Nec2 Rh4 36. Rh3 Rxh3 37. Bxh3 Qc7 38. Re3 Bc6 39. Bf1 Bd7 40. Qh2 Bxd4 41.
Nxd4 Qb6 42. Rh3 Kd8 43. Rh8+ Kc7 44. Rxc8+ Kxc8 45. Qh7 Ne8 46. Qxf7 Qc7 47.
Qxg6 Qxc3 48. Qd3 Qe1 49. Kg2 Kd8 50. Be2 Qc1 51. f5 exf5 52. gxf5 Qf4 53. e6
Bc8 54. Nc6+ Kc7 55. Ne7 Bb7 56. Qg3 d4+ 57. Kh2 Qxg3+ 58. Kxg3 Kd6 59. Ng8 Nc7
60. Bd3 Bd5 61. Kf4 Bc6 62. Nf6 Na6 63. Ne4+ Kc7 64. Ke5 Nxb4 65. axb4 a3 66.
Bb1 d3 67. Nd2 Be8 68. f6 1-0

[Event "Colombia ch 2009"]
[Site "Buga COL"]
[Date "2009.06.07"]
[Round "7.3"]
[White "Ramirez, Carlos"]
[Black "Morales, Jhon Alexander"]
[Result "1-0"]
[WhiteElo "2262"]
[BlackElo "2316"]
[PlyCount "45"]
[EventDate "2009.06.03"]
[EventType "tourn"]
[EventRounds "9"]
[EventCountry "COL"]
[EventCategory "1"]
[Source "lmi"]
[SourceDate "2009.06.03"]

1. d4 Nf6 2. c4 e6 3. Nc3 Bb4 4. Qc2 O-O 5. Bg5 h6 6. Bh4 c5 7. dxc5 Bxc5 8. e4
Nc6 9. Nf3 d6 10. a3 a6 11. Rd1 Qe7 12. b4 Ba7 13. Be2 Rd8 14. O-O b6 15. b5
Na5 16. e5 dxe5 17. Rxd8+ Qxd8 18. Ne4 Bb7 19. Nxf6+ gxf6 20. Rd1 Qc8 21. Bxf6
axb5 22. Qc1 Kh7 23. Nxe5 1-0

[Event "Colombia ch 2009"]
[Site "Buga COL"]
[Date "2009.06.07"]
[Round "7.4"]
[White "Sanchez, Victor Hugo"]
[Black "Barrientos, Sergio E"]
[Result "0-1"]
[WhiteElo "2251"]
[BlackElo "2456"]
[PlyCount "57"]
[EventDate "2009.06.03"]
[EventType "tourn"]
[EventRounds "9"]
[EventCountry "COL"]
[EventCategory "1"]
[Source "lmi"]
[SourceDate "2009.06.03"]

1. d4 Nf6 2. Nf3 d5 3. c4 c6 4. Nc3 e6 5. Qc2 Nbd7 6. e3 a6 7. Bd2 b5 8. c5 Qc7
9. Be2 e5 10. O-O-O Be7 11. Rdg1 O-O 12. g4 b4 13. Na4 Ne4 14. Be1 exd4 15.
Nxd4 Ndxc5 16. f3 Nxa4 17. fxe4 Nc5 18. exd5 cxd5 19. Kb1 Qb6 20. Rg3 Ne4 21.
Bd3 Bf6 22. Nc6 Bb7 23. g5 Nxg5 24. Nd4 Ne4 25. Nf5 Nxg3 26. Bxg3 h6 27. Nxh6+
Kh8 28. Qg2 b3 29. Rg1 0-1

[Event "Colombia ch 2009"]
[Site "Buga COL"]
[Date "2009.06.07"]
[Round "8.3"]
[White "Morales, Jhon Alexander"]
[Black "Sanchez, Victor Hugo"]
[Result "1-0"]
[WhiteElo "2316"]
[BlackElo "2251"]
[PlyCount "43"]
[EventDate "2009.06.03"]
[EventType "tourn"]
[EventRounds "9"]
[EventCountry "COL"]
[EventCategory "1"]
[Source "lmi"]
[SourceDate "2009.06.03"]

1. e4 c5 2. Nf3 d6 3. d4 Nf6 4. Nc3 cxd4 5. Nxd4 a6 6. Be3 e6 7. a4 b6 8. g4
Bb7 9. Bg2 h5 10. g5 Ng4 11. Bc1 g6 12. h3 Ne5 13. f4 Nec6 14. O-O Bg7 15. Nde2
O-O 16. f5 Be5 17. Nf4 exf5 18. exf5 Qxg5 19. Nxg6 Qg3 20. Nxe5 Nxe5 21. Nd5
Nbd7 22. Ne7+ 1-0

[Event "Colombia ch 2009"]
[Site "Buga COL"]
[Date "2009.06.07"]
[Round "8.4"]
[White "Zuluaga, Cesar"]
[Black "Ramirez, Carlos"]
[Result "0-1"]
[WhiteElo "2314"]
[BlackElo "2262"]
[PlyCount "152"]
[EventDate "2009.06.03"]
[EventType "tourn"]
[EventRounds "9"]
[EventCountry "COL"]
[EventCategory "1"]
[Source "lmi"]
[SourceDate "2009.06.03"]

1. d4 c5 2. e3 Nf6 3. Nf3 g6 4. Bd3 Bg7 5. O-O O-O 6. c3 cxd4 7. exd4 d5 8. Re1
Nc6 9. Nbd2 Nh5 10. Nb3 Qd6 11. Bf1 Nf4 12. Ne5 Ne6 13. Nd3 b6 14. g3 Ba6 15.
Bh3 Bc8 16. Bg2 Rd8 17. f4 Nf8 18. Ne5 Bb7 19. Be3 e6 20. Bf2 Rac8 21. Qe2 Nb8
22. g4 f6 23. Nd3 Ba6 24. Bg3 f5 25. Rad1 Re8 26. g5 Bc4 27. Nd2 Bb5 28. Qe3 a5
29. Nf3 Re7 30. Bf2 Be8 31. Nfe5 b5 32. Nc5 Na6 33. Ned3 Ra8 34. Qd2 Bf7 35.
Bf1 Nd7 36. b3 Nc7 37. a4 bxa4 38. Nxa4 Ree8 39. Ra1 Reb8 40. Reb1 Ne8 41. Nac5
Qc6 42. b4 axb4 43. Nxb4 Qc8 44. Ba6 Qc7 45. Ra2 Nd6 46. Bd3 Rxa2 47. Qxa2 Nxc5
48. dxc5 Ne4 49. Bxe4 dxe4 50. Qd2 Rd8 51. Qe3 e5 52. Bg3 Bf8 53. c6 Qa5 54.
Bf2 exf4 55. Qxf4 Bd6 56. Qe3 f4 57. Qxe4 Qxg5+ 58. Qg2 Qf5 59. Rd1 f3 60. Qf1
Qf4 61. Bg3 Bc5+ 62. Kh1 Rxd1 63. Qxd1 Qe4 64. h3 f2+ 65. Kh2 Qf5 66. c7 Be6
67. Qf1 Bc8 68. Nd3 Ba6 69. c4 Bxc4 70. c8=Q+ Qxc8 71. Qg2 f1=Q 72. Qxf1 Qd8
73. Qe2 Qxd3 74. Qe8+ Bf8 75. Qe1 Qe2+ 76. Qxe2 Bxe2 0-1

[Event "Colombia ch 2009"]
[Site "Buga COL"]
[Date "2009.06.07"]
[Round "8.5"]
[White "Beltran, Carlos Armando"]
[Black "Castaño, Duvan Martin"]
[Result "0-1"]
[WhiteElo "2265"]
[BlackElo "2265"]
[PlyCount "98"]
[EventDate "2009.06.03"]
[EventType "tourn"]
[EventRounds "9"]
[EventCountry "COL"]
[EventCategory "1"]
[Source "lmi"]
[SourceDate "2009.06.03"]

1. Nf3 Nf6 2. d4 g6 3. c4 Bg7 4. Nc3 O-O 5. e4 d6 6. Be2 Na6 7. Bf4 Nh5 8. Bg5
Qe8 9. O-O h6 10. Be3 e5 11. Qd2 Kh7 12. Ne1 Nf4 13. dxe5 Nxe2+ 14. Qxe2 Bxe5
15. Bd2 f5 16. exf5 Bxf5 17. Qe3 Bg7 18. Qxe8 Raxe8 19. h3 Nc5 20. Rd1 Ne4 21.
Nxe4 Rxe4 22. b3 Re2 23. g4 Be4 24. Ba5 b6 25. Rd2 Rxd2 26. Bxd2 Bb1 27. Ng2
Bxa2 28. Nf4 Re8 29. Nd5 c6 30. Nb4 Bxb3 31. Nxc6 a5 32. Rb1 a4 33. Bb4 Rc8 34.
Na7 Rxc4 35. Bxd6 Rd4 36. Ba3 Rd5 37. Rc1 Be5 38. Nc6 Bd6 39. Nb4 Rd4 40. Nc2
Bxc2 41. Bxd6 Rxd6 42. Rxc2 b5 43. Rc7+ Kg8 44. Ra7 Rd3 45. Kg2 a3 46. h4 b4
47. g5 hxg5 48. hxg5 Rd5 49. f4 Rb5 0-1

[Event "Colombia ch 2009"]
[Site "Buga COL"]
[Date "2009.06.08"]
[Round "9.1"]
[White "Castaño, Duvan Martin"]
[Black "Lotero, Faiber"]
[Result "1-0"]
[WhiteElo "2265"]
[BlackElo "2088"]
[PlyCount "113"]
[EventDate "2009.06.03"]
[EventType "tourn"]
[EventRounds "9"]
[EventCountry "COL"]
[EventCategory "1"]
[Source "lmi"]
[SourceDate "2009.06.03"]

1. e4 e6 2. d4 d5 3. Nc3 dxe4 4. Nxe4 Nd7 5. Nf3 Ngf6 6. Nxf6+ Nxf6 7. Bd3 c5
8. dxc5 Bxc5 9. Qe2 Bd7 10. Ne5 h6 11. Bd2 Qe7 12. O-O-O a6 13. Qf3 Bb5 14. c4
Bd4 15. Qg3 Nh5 16. Qg4 Bxe5 17. Qxh5 Qc5 18. Kb1 Ba4 19. Rc1 Qxf2 20. Qxe5
Qxd2 21. Be4 O-O 22. Bxb7 Rab8 23. Bxa6 Rb6 24. Bb5 Bxb5 25. cxb5 Qd3+ 26. Ka1
Ra8 27. Rhd1 Rxb5 28. Qxg7+ Kxg7 29. Rxd3 e5 30. Rd7 Ra6 31. Re1 Rf6 32. Rd2
Re6 33. b3 f5 34. Kb2 h5 35. a4 Ra5 36. Ka3 Rea6 37. Kb4 e4 38. Ree2 h4 39. h3
Re5 40. Rd7+ Kf6 41. Rb7 e3 42. Rb5 Re4+ 43. Kc3 Rc6+ 44. Kb2 Kg5 45. Rd5 Kf4
46. a5 Rg6 47. Ka3 Rxg2 48. Rxg2 Kf3 49. Ra2 f4 50. Rg5 e2 51. Rxe2 Kxe2 52.
Rg4 Kd3 53. Rxh4 f3 54. Rxe4 Kxe4 55. a6 f2 56. a7 f1=Q 57. a8=Q+ 1-0

[Event "Colombia ch 2009"]
[Site "Buga COL"]
[Date "2009.06.08"]
[Round "9.2"]
[White "Ramirez, Carlos"]
[Black "Beltran, Carlos Armando"]
[Result "1/2-1/2"]
[WhiteElo "2262"]
[BlackElo "2265"]
[PlyCount "67"]
[EventDate "2009.06.03"]
[EventType "tourn"]
[EventRounds "9"]
[EventCountry "COL"]
[EventCategory "1"]
[Source "lmi"]
[SourceDate "2009.06.03"]

1. d4 Nf6 2. c4 e6 3. Nc3 Bb4 4. Qc2 c5 5. dxc5 Nc6 6. Nf3 Qa5 7. Bd2 Bxc5 8.
e3 Qc7 9. a3 Be7 10. Bd3 O-O 11. O-O a6 12. e4 d6 13. Rac1 Nd7 14. Be3 Nde5 15.
Nxe5 Nxe5 16. Na4 Bd7 17. Nb6 Rad8 18. Nxd7 Rxd7 19. Be2 Rc8 20. f4 Ng6 21. Bd3
Bf6 22. b4 a5 23. e5 dxe5 24. f5 Nf8 25. fxe6 fxe6 26. c5 axb4 27. axb4 e4 28.
Bxe4 Be5 29. h3 Bd4 30. Bxd4 Rxd4 31. b5 Rcd8 32. b6 Qb8 33. Rb1 Nd7 34. c6
1/2-1/2

[Event "Colombia ch 2009"]
[Site "Buga COL"]
[Date "2009.06.08"]
[Round "9.3"]
[White "Sanchez, Victor Hugo"]
[Black "Zuluaga, Cesar"]
[Result "0-1"]
[WhiteElo "2251"]
[BlackElo "2314"]
[PlyCount "66"]
[EventDate "2009.06.03"]
[EventType "tourn"]
[EventRounds "9"]
[EventCountry "COL"]
[EventCategory "1"]
[Source "lmi"]
[SourceDate "2009.06.03"]

1. d4 d5 2. Nf3 c6 3. e3 Bf5 4. Bd3 Bg6 5. Ne5 Nd7 6. Nxg6 hxg6 7. c4 e6 8. Qc2
Ngf6 9. Nc3 Bd6 10. h3 Qe7 11. Bd2 dxc4 12. Bxc4 Nb6 13. Be2 Rc8 14. Qb3 O-O
15. O-O-O c5 16. dxc5 Bxc5 17. Kb1 Rfd8 18. Bc1 Nbd5 19. Nxd5 exd5 20. Bf3 b6
21. Ka1 Qe5 22. a3 a5 23. Rhe1 a4 24. Qd3 Be7 25. Ka2 Ne4 26. Re2 Bf6 27. Qb5
Rc5 28. Qb4 Rdc8 29. Bd2 Rc4 30. Qb5 R8c5 31. Qxb6 Rc2 32. Be1 Rxe2 33. Bxe2
Rc2 0-1

[Event "Colombia ch 2009"]
[Site "Buga COL"]
[Date "2009.06.08"]
[Round "9.5"]
[White "Ruiz Aguilar, Pablo Alexander"]
[Black "Barrientos, Sergio E"]
[Result "0-1"]
[WhiteElo "2212"]
[BlackElo "2456"]
[PlyCount "86"]
[EventDate "2009.06.03"]
[EventType "tourn"]
[EventRounds "9"]
[EventCountry "COL"]
[EventCategory "1"]
[Source "lmi"]
[SourceDate "2009.06.03"]

1. e4 c5 2. Nf3 e6 3. d4 cxd4 4. Nxd4 Nf6 5. Nc3 Nc6 6. Be3 Bb4 7. Bd3 d5 8.
Nxc6 bxc6 9. exd5 cxd5 10. O-O O-O 11. Bg5 h6 12. Bh4 Be7 13. Bg3 Bb7 14. Nb5
a6 15. Nd4 Qb6 16. a4 Ne4 17. Bxe4 dxe4 18. a5 Qc5 19. c3 Bd5 20. Kh1 Rfd8 21.
Qh5 Rac8 22. Bh4 Bxh4 23. Qxh4 Rb8 24. Rfe1 Rd7 25. Re2 Rdb7 26. Re3 Rxb2 27.
Rg1 Qxa5 28. Rg3 Qc7 29. Qg4 Qe5 30. f4 Qf6 31. h4 Rf2 32. f5 exf5 33. Qh5 Rf4
34. Rh3 a5 35. Ra1 a4 36. Qd1 Rxh4 37. Rxh4 Qxh4+ 38. Kg1 e3 39. Qe2 Qe4 40.
Nf3 Rb1+ 41. Rxb1 Qxb1+ 42. Ne1 f4 43. Kh2 a3 0-1